000 00503nam a2200193 a 4500
001 1774864341721
003 YourLibrary
005 20260330152417.0
008 260330s1987##################000#0#eng##
020 _a9780486254340
082 0 4 _a355.8241
_bBUR
100 1 _aBurton, Sir Richard F.,
_eauthor.
245 1 0 _aThe Book of the Sword :
260 _bCourier Corporation,
_c1987.
300 _a338 pages
650 0 _aHistory.
942 _cENGLISH
040 _aYourLibrary
_beng
_cYourLibrary
999 _c618232
_d618232